Cryptic Countries #3 - Statistics

General Stats
  • This quiz has been taken 44 times
  • The average score is 15 of 28
Answer Stats
Hint Answer % Correct
The land of Scott Scotland
87%
Rush here Russia
82%
A career in the South South Korea
79%
Toblerone counrty Switzerland
79%
A career in the North North Korea
76%
You are a guy Uruguay
76%
Annie has germs Germany
74%
Bane's real name is Al Albania
71%
Be Olivia Bolivia
71%
There is a guy paragliding Paraguay
71%
See Rhea Syria
68%
Uk's favourite immigration destination Australia
61%
Down under has no Al Austria
61%
Jip in the middle of et Egypt
61%
Is he real? Israel
61%
Sleone Sierra Leone
61%
Tina has started a rock band Argentina
58%
Knorr sparkling water is the way Norway
53%
South Toto South Africa
53%
A sweet potato fox house Sweden
50%
A green Spanish cape Cape Verde
47%
Stephen King alley Italy
42%
'Aller' in English Togo
29%
Irritated tree Eritrea
21%
Plow Palau
16%
Hand over the gangster dollars Andorra
8%
A fee to go faster Fiji
8%
The initial car Central African Republic
5%
No matching quizzes found
Score Distribution
Percent of People with Each Score
Percentile by Number Answered
Your Score History
You have not taken this quiz